| 000 | 01622nam a22002537a 4500 | ||
|---|---|---|---|
| 005 | 20120105095834.0 | ||
| 010 | _aB-447357-361 | ||
| 020 |
_a9788125035268 _c425.00 |
||
| 035 | _aB-447357-361 | ||
| 037 | _bK.K.Pub/Ven | ||
| 082 | _a339.0846 | ||
| 245 |
_aAgeing and Development / _cedited by Rob Vos, Jose Antonio....(et all) |
||
| 260 |
_aHyderabad _bOrient Longman Pvt.Ltd. _c2008 |
||
| 270 |
_a3-6-752 Himayatnagar _bHyderabad _e500029 (A.P.) |
||
| 300 |
_a260p. _bill. _c24cm(pbk) |
||
| 500 | _a3 in 1 (3 stories in one book) | ||
| 942 |
_2ddc _cEN _mAGE _h339.0846 |
||
| 999 |
_c60311 _d60311 |
||